000 00868nam a2200205Ia 4500
001 11372
003 GE_BSU
008 181216s||||||||xx |||||||||||||| ||und||
040 _cGE_BSU
080 _a581.522.4
245 _aმცენარეთა ინტროდუქცია და მწვანე მშენებლობა
245 _cმთ. რედ: ნ. რატიანი, რედკოლეგია: მ. ლორია, თ ჭკუასელი, თ მარდალეიშვილი და სხვ.
260 _aთბილისი.
260 _bმეცნიერება.
260 _c1996
300 _a141გვ.
300 _eცხრილები
653 _aმცენარეთა ინტროდუქცია და მწვანე მშენებლობა
942 _cBK
999 _c44569
_d44569